000 01204cam a2200313Ia 4500
999 _c6347
_d6347
001 35020473
003 OCoLC
005 20190116180805.0
008 960702s1995 miu b 000 0 eng d
010 _a55010437
020 _a0801033063 (pbk.) :
040 _aUUC
_cUUC
041 1 _aeng
_hgre
082 _a875
_bB792e
092 _a270.1
_bE91E
100 0 _aEusebius,
_cof Caesarea, Bishop of Caesarea,
_dca. 260-ca. 340
245 1 4 _aThe ecclesiastical history of Eusebius Pamphilus :
_bbishop of Cesarea, in Palestine /
_ctranslated from the original by Christian Frederic Cruse and an historical view of the Council of Nice by Isaac Boyle
246 1 _iCover title :
_aEusebius' ecclesiastical history
260 _aGrand Rapids, Mich. :
_bBaker Book House,
_c1995
300 _axxxviii, 480, 59 p. ;
_c23 cm
490 1 _aTwin brooks series
500 _aFacsimile reprint of 1850 ed
504 _aIncludes bibliographical references
650 0 _aChurch history
_yPrimitive and early church, ca. 30-600
700 1 _aCrusé, Christian Frederic,
_d1794-1864
700 1 _aBoyle, Isaac.
_tHistorical view of the Council of Nice.
_f1955
830 0 _aTwin brooks series
942 _2ddc
_cBK